Statistics for US Surnames That Have Become More Common

Click here to take the quiz!

General Stats

  • This quiz has been taken 56 times
  • The average score is 15 of 125

Answer Stats

Percent IncreaseFISurname% Correct
+47.7%HHernandez
83%
+40.7%LLopez
62%
+43.3%LLe
53%
+93.4%LLi
53%
+38.7%GGomez
47%
+58.5%PPatel
47%
+41.1%NNguyen
38%
+38.9%SSanchez
36%
+60.7%SSingh
36%
+62.6%WWang
36%
+39.5%PPerez
34%
+60.7%CChen
32%
+40.7%GGonzalez
30%
+66.3%AAli
28%
+63.1%KKhan
28%
+61.1%LLin
28%
+64.4%LLiu
28%
+55.1%LLu
28%
+43.3%RRamirez
28%
+38.6%AAlvarez
23%
+43.4%MMendez
23%
+46.0%YYang
23%
+56.5%WWu
21%
+111%ZZhang
21%
+38.2%CCastro
19%
+44.6%CCruz
19%
+38.1%DDiaz
19%
+38.8%FFlores
19%
+48.2%JJuarez
19%
+39.0%NNunez
19%
+38.5%TTran
17%
+62.9%VVazquez
17%
+43.4%YYu
17%
+81.6%AAhmed
15%
+39.2%CCastillo
15%
+42.5%DDominguez
15%
+61.8%HHuang
15%
+38.6%SSantos
15%
+40.2%VVargas
15%
+53.4%BBenitez
13%
+44.2%JJimenez
13%
+39.8%SSuarez
13%
+53.4%CCortes
11%
+43.5%FFuentes
11%
+40.7%PPham
11%
+40.6%PPhan
11%
+54.1%SShah
11%
+38.8%VVillanueva
11%
+39.6%CChoi
9%
+44.0%MMendoza
9%
+38.6%CCamacho
6%
+49.9%EEscobar
6%
+41.1%GGuzman
6%
+56.4%MMejia
6%
+38.1%MMolina
6%
+39.0%MMora
6%
+43.3%MMorales
6%
+48.4%RRojas
6%
+39.0%RRubio
6%
+48.6%VVang
6%
+40.1%VVu
6%
+47.6%AAguilar
4%
+42.4%AAlvarado
4%
+39.3%AAvila
4%
+39.0%AAyala
4%
+59.2%BBautista
4%
+46.3%CCabrera
4%
+46.7%DDelacruz
4%
+38.1%EEnriquez
4%
+41.4%EEspinoza
4%
+2,915%HHail
4%
+38.1%MMaldonado
4%
+38.4%MMiranda
4%
+45.5%OOrozco
4%
+48.0%PPeralta
4%
+57.8%PPortillo
4%
+38.3%SSantana
4%
+38.0%SSerrano
4%
+39.9%VValencia
4%
+42.4%XXiong
4%
+50.1%ZZavala
4%
+48.2%AAlfaro
2%
+39.3%AAndrade
2%
+43.4%AArias
2%
+42.7%AAvalos
2%
+40.5%BBarajas
2%
+39.5%BBarrera
2%
+2.476%BBeil
2%
+47.8%BBonilla
2%
+40.9%CCalderon
2%
+39.7%CCastaneda
2%
+42.4%CCervantes
2%
+40.6%CContreras
2%
+38.5%DDejesus
2%
+42.9%EEsquivel
2%
+50.6%GGuevara
2%
+42.3%HHuerta
2%
+40.9%IIbarra
2%
+123%KKaur
2%
+39.2%LLeon
2%
+38.1%MMarin
2%
+41.3%MMeza
2%
+44.7%RRosas
2%
+43.8%SSalgado
2%
+42.5%SSosa
2%
+39.3%VVillalobos
2%
+40.1%VVillegas
2%
+44.3%ZZuniga
2%
+43.2%AArellano
0%
+43.3%BBeltran
0%
+51.2%BBravo
0%
+40.7%CCorona
0%
+39.1%LLara
0%
+41.8%MMagana
0%
+42.5%MMurillo
0%
+44.9%PPalacios
0%
+252%PPerson
0%
+56.0%PPineda
0%
+40.0%PPonce
0%
+39.6%RRivas
0%
+46.5%RRosales
0%
+41.5%TTapia
0%
+49.8%TTrejo
0%
+59.2%VVelazquez
0%
+47.9%VVentura
0%

Score Distribution

Percentile by Number Answered

Percent of People with Each Score

Your Score History

You have not taken this quiz